000 01090nam a2200301 a 4500
003 OSt
005 20250825131030.0
008
020 _a9780323477765 (Hardback)
_cUSD 162.00
040 _aNUST
_cNUST
_beng
_dNUST
_erda
050 _aRC386.5 OSB
245 1 0 _aOsborn's brain imaging, pathology, and anatomy/
_cedited by Anne G Osborn ; Gary L Hedlund and Karen L Salzman.
250 _aSecond edition.
260 _aPhiladelphia :
_bElsevier,
_c©2018.
300 _axiii, 1372 pages :
_billustrations (some colour) ;
_c29 cm.
336 _atext
_btxt
_2rdacontent
337 _aunmediated
_bn
_2rdamedia
338 _avolume
_bnc
_2rdacarrier
504 _aIncludes bibliographical references and index.
650 1 _aBrain
_xImaging
650 _aBrain
_xPathophysiology.
650 _aCentral nervous system
_xDiseases.
650 _aBrain
_xAnatomy.
700 _aOsborn, Anne G.,
_aEditor.
700 _aHedlund, Gary L.,
_aEditor.
700 _aSalzman, Karen L.,
_aEditor.
942 _cBOOKS
_kRC
_mOSB
_2ddc
_hRC386.5 OSB
_n0
999 _c120528
_d120528